Sochári novej tváre Moskvy Veľkolepé úlohy vo výstavbe vzorového komunistického mesta

Bibliographic Details
Main Author: Zelenay, Milan (Author)
Format: Article
Language:Slovak
PhysicalDescription:Obr. 3.
Subjects:

MARC

LEADER 00000nab a2200000 a 4500
001 vtls000141325
003 SK-MaSNL
005 20260305030016.0
008 111104c1983 xo 0 slo
015 |a SNBRB19rr/mm-uuuuu 
035 |a CL0151431 
040 |a SNKBUCL  |b slo  |c SNKBUCL  |e AACR2 
041 0 |a slo 
044 |a xo  |c SK 
080 |a 69  |2 1981 
080 |a 72  |2 1981 
100 1 |a Zelenay, Milan  |4 aut  |9 744521 
245 1 0 |a Sochári novej tváre Moskvy  |b Veľkolepé úlohy vo výstavbe vzorového komunistického mesta  |c Milan Zelenay 
300 |b Obr. 3. 
650 0 7 |a stavebníctvo  |2 snkbucl  |9 726 
650 0 7 |a bytová výstavba  |2 snkbucl  |9 3036 
650 0 7 |a architektúra  |2 snkbucl  |9 722 
655 7 |a články z novín a časopisov  |2 snkbucl  |9 267496 
773 0 |t Nedeľná Pravda  |g Roč. 16, č. 6 (1983), s. 4-5 
850 |a Slovenská národná knižnica v Martine  |a MTA001 
852 |a SNK  |b KIS3GCP 
958 |a RK 
992 |a RBX 
999 |c 3308713  |d 3310643